000 00629nam a2200241Ia 4500
005 20250425161858.0
008 250425s9999 xx 000 0 und d
020 _a0875847544
041 _aspa
082 _a658.4012
100 _aBROWN, SHONA L.
245 0 _aCOMPETING ON THE: STRATEGY AS STRUCTURED CHAOS
250 _a1A ED.
260 _aBOSTON
260 _aEstados Unidos
_bHARVARD BUSINESS SCHOOL PRESS
_c1998
300 _a299
650 _aCOMPETITIVIDAD
650 _aORGANIZACION
650 _aPLANIFICACION ESTRATEGICA
710 _aHARVARD BUSINESS SCHOOL PRESS
942 _c01
010 _a33423
999 _c218007
_d218007